| 000 | 01035nam a22003137a 4500 | ||
|---|---|---|---|
| 999 |
_c555 _d555 |
||
| 001 | 002060 | ||
| 003 | CoMeUDC002060 | ||
| 005 | 20181218221255.0 | ||
| 008 | 090608s2009 sp | |||| 000 0 spa | ||
| 015 | _aMON0909 | ||
| 017 |
_aZ 942-2009 _bOficina Depósito Legal Zaragoza |
||
| 020 | _a9788429015522 | ||
| 035 | _a(OCoLC)733639065 | ||
| 040 |
_aSpMaBN _bspa _cCoMeUDC _erdc |
||
| 080 | _a347.56(460):614.25 | ||
| 080 | _a35(460).076 | ||
| 082 |
_a346.03 _bB446r |
||
| 100 | 1 | _aBello Janeiro, Domingo | |
| 245 | 1 | 0 |
_aResponsabilidad civil del médico y responsabilidad patrimonial de la administración sanitaria / _h[Texto impreso] _cDomingo Bello Janeiro. |
| 250 | _a1ª ed. Reus | ||
| 260 |
_aMadrid : _bReus, _c2009. |
||
| 300 |
_a310 p. _c24 cm |
||
| 490 | 0 | _aColección Derechos de daños | |
| 504 | _aBibliografía: p. 299-307 | ||
| 650 | 7 |
_aMédicos _xResponsabilidad profesional _zEspaña _2embne |
|
| 650 | 7 |
_aResponsabilidad patrimonial de la administración _zEspaña _2embne |
|
| 942 |
_2ddc _cBK |
||
| 956 | _a2 | ||